[Event "msr2025c12"]
[Site "?"]
[Date "2025.05.11"]
[Round "1.11"]
[White "Holik, Ondrej"]
[Black "Demko, Adam"]
[Result "1-0"]
[BlackElo "1184"]
[WhiteElo "1621"]
[LiveChessVersion "1.4.8"]

1. e4 {[%clk 1:30:27]} e5 {[%clk 1:30:44]} 2. Nf3 {[%clk 1:29:58]} Nc6
{[%clk 1:30:09]} 3. d4 {[%clk 1:29:10]} d6 {[%clk 1:30:04]} 4. dxe5
{[%clk 1:28:39]} dxe5 {[%clk 1:30:15]} 5. Qxd8+ {[%clk 1:28:13]} Nxd8
{[%clk 1:30:12]} 6. Nxe5 {[%clk 1:28:21]} Bd6 {[%clk 1:28:10]} 7. Nc4
{[%clk 1:28:02]} Nf6 {[%clk 1:27:50]} 8. Nxd6+ {[%clk 1:27:15]} cxd6
{[%clk 1:27:47]} 9. Bb5+ {[%clk 1:27:14]} Nc6 {[%clk 1:27:32]} 10. Nc3
{[%clk 1:27:30]} Be6 {[%clk 1:27:18]} 11. Bg5 {[%clk 1:27:23]} O-O
{[%clk 1:26:46]} 12. Bxf6 {[%clk 1:27:31]} gxf6 {[%clk 1:27:12]} 13. O-O-O
{[%clk 1:26:27]} Rad8 {[%clk 1:24:27]} 14. Bxc6 {[%clk 1:25:38]} bxc6
{[%clk 1:24:26]} 15. h3 {[%clk 1:24:16]} d5 {[%clk 1:23:17]} 16. exd5
{[%clk 1:24:02]} cxd5 {[%clk 1:23:30]} 17. a3 {[%clk 1:23:39]} d4
{[%clk 1:19:48]} 18. Ne4 {[%clk 1:23:48]} f5 {[%clk 1:19:36]} 19. Nf6+
{[%clk 1:23:30]} Kh8 {[%clk 1:18:41]} 20. g4 {[%clk 1:22:47]} f4 {[%clk 1:18:03]}
21. Nh5 {[%clk 1:22:03]} f3 {[%clk 1:16:15]} 22. Rhe1 {[%clk 1:21:46]} d3
{[%clk 1:14:24]} 23. Rxd3 {[%clk 1:20:24]} Rxd3 {[%clk 1:14:24]} 24. cxd3
{[%clk 1:20:39]} f5 {[%clk 1:14:28]} 25. Rxe6 {[%clk 1:20:49]} Rc8+
{[%clk 1:14:02]} 26. Kd2 {[%clk 1:21:02]} fxg4 {[%clk 1:14:14]} 27. hxg4
{[%clk 1:21:11]} a5 {[%clk 1:13:35]} 28. d4 {[%clk 1:21:22]} Rd8 {[%clk 1:13:20]}
29. Ke3 {[%clk 1:21:37]} Rg8 {[%clk 1:13:31]} 30. Nf6 {[%clk 1:21:31]} Rg6
{[%clk 1:12:51]} 31. d5 {[%clk 1:21:29]} a4 {[%clk 1:11:51]} 32. d6
{[%clk 1:21:19]} Kg7 {[%clk 1:10:11]} 33. Nh5+ {[%clk 1:21:32]} Kf7
{[%clk 1:10:14]} 34. Rxg6 {[%clk 1:21:39]} Kxg6 {[%clk 1:10:07]} 35. d7
{[%clk 1:21:55]} Kg5 {[%clk 1:10:31]} 36. d8=Q+ {[%clk 1:21:51]} Kxg4
{[%clk 1:10:43]} 37. Nf6+ {[%clk 1:22:07]} Kh3 {[%clk 1:10:16]} 38. Qd7+
{[%clk 1:22:08]} Kg2 {[%clk 1:10:14]} 39. Qg4+ {[%clk 1:21:59]} Kh2
{[%clk 1:10:10]} 40. Kxf3 {[%clk 1:22:04]} Kh1 {[%clk 1:10:22]} 41. Qg2#
{[%clk 1:22:10]} 1-0

[Event "msr2025c12"]
[Site "?"]
[Date "2025.05.11"]
[Round "1.12"]
[White "Vrabel, Viliam"]
[Black "Muller, Tomas"]
[Result "0-1"]
[BlackElo "1591"]
[WhiteElo "1181"]
[LiveChessVersion "1.4.8"]

1. e4 {[%clk 1:30:56]} e6 {[%clk 1:30:47]} 2. Nf3 {[%clk 1:30:54]} d5
{[%clk 1:31:05]} 3. exd5 {[%clk 1:29:51]} exd5 {[%clk 1:31:04]} 4. d4
{[%clk 1:29:51]} Bd6 {[%clk 1:30:27]} 5. Be3 {[%clk 1:28:22]} Bf5
{[%clk 1:29:03]} 6. Nbd2 {[%clk 1:27:03]} Nd7 {[%clk 1:25:41]} 7. Be2
{[%clk 1:24:12]} Ne7 {[%clk 1:22:21]} 8. O-O {[%clk 1:24:05]} c6 {[%clk 1:21:42]}
9. c3 {[%clk 1:22:12]} Qc7 {[%clk 1:19:16]} 10. Re1 {[%clk 1:19:45]} f6
{[%clk 1:15:17]} 11. Bf1 {[%clk 1:18:31]} O-O-O {[%clk 1:13:41]} 12. Qe2
{[%clk 1:14:20]} Rde8 {[%clk 1:11:29]} 13. g3 {[%clk 1:13:28]} h5
{[%clk 1:08:04]} 14. h4 {[%clk 1:10:41]} Bg4 {[%clk 0:59:30]} 15. Bg2
{[%clk 1:09:30]} Nf5 {[%clk 0:56:37]} 16. Qd3 {[%clk 1:05:19]} Ne7
{[%clk 0:54:58]} 17. a3 {[%clk 1:03:36]} Reg8 {[%clk 0:50:42]} 18. b4
{[%clk 1:00:44]} Nf5 {[%clk 0:44:38]} 19. a4 {[%clk 0:59:54]} Nxe3
{[%clk 0:41:59]} 20. Rxe3 {[%clk 1:00:06]} g5 {[%clk 0:38:43]} 21. hxg5
{[%clk 0:58:10]} fxg5 {[%clk 0:37:44]} 22. Nh2 {[%clk 0:57:23]} Nf6
{[%clk 0:35:13]} 23. Nxg4 {[%clk 0:54:57]} Nxg4 {[%clk 0:30:06]} 24. Rf3
{[%clk 0:51:51]} Rf8 {[%clk 0:25:22]} 25. Rxf8+ {[%clk 0:50:48]} Rxf8
{[%clk 0:25:45]} 26. Bh3 {[%clk 0:50:33]} Kd8 {[%clk 0:23:39]} 27. Bxg4
{[%clk 0:50:44]} hxg4 {[%clk 0:23:38]} 28. Qe3 {[%clk 0:50:36]} Qf7
{[%clk 0:23:01]} 29. Qxg5+ {[%clk 0:50:08]} Be7 {[%clk 0:22:52]} 30. Qe3
{[%clk 0:50:03]} Qf5 {[%clk 0:21:20]} 31. Re1 {[%clk 0:49:57]} Bg5
{[%clk 0:20:43]} 32. Qe2 {[%clk 0:48:54]} Rh8 {[%clk 0:18:03]} 33. Kf1
{[%clk 0:46:46]} Bxd2 {[%clk 0:18:10]} 34. Qxd2 {[%clk 0:46:52]} Rh1+
{[%clk 0:18:09]} 35. Ke2 {[%clk 0:47:05]} Qf3# {[%clk 0:18:27]} 0-1

[Event "msr2025c12"]
[Site "?"]
[Date "2025.05.11"]
[Round "1.13"]
[White "Stehlik, Juraj"]
[Black "Rybansky, Felix"]
[Result "1-0"]
[BlackElo "1171"]
[WhiteElo "1590"]
[LiveChessVersion "1.4.8"]

1. e4 {[%clk 1:30:59]} e5 {[%clk 1:30:41]} 2. Nf3 {[%clk 1:31:13]} Nc6
{[%clk 1:30:41]} 3. Bc4 Bc5 {[%clk 1:30:20]} 4. c3 {[%clk 1:31:06]} d6
{[%clk 1:30:09]} 5. h3 {[%clk 1:30:10]} h6 {[%clk 1:30:10]} 6. O-O
{[%clk 1:29:31]} Nf6 {[%clk 1:30:25]} 7. d3 {[%clk 1:28:50]} O-O {[%clk 1:30:29]}
8. a4 {[%clk 1:26:48]} a6 {[%clk 1:30:22]} 9. b4 {[%clk 1:26:00]} Ba7
{[%clk 1:30:14]} 10. b5 {[%clk 1:23:54]} axb5 {[%clk 1:30:14]} 11. Bxb5
{[%clk 1:22:54]} Bd7 {[%clk 1:29:58]} 12. Nbd2 {[%clk 1:21:18]} Bb6
{[%clk 1:29:30]} 13. Nc4 {[%clk 1:19:27]} Na5 {[%clk 1:29:10]} 14. Nxb6
{[%clk 1:18:19]} cxb6 {[%clk 1:29:15]} 15. Bxd7 {[%clk 1:17:04]} Qxd7
{[%clk 1:29:28]} 16. Be3 {[%clk 1:16:33]} b5 {[%clk 1:29:08]} 17. Nd2
{[%clk 1:14:29]} bxa4 {[%clk 1:29:10]} 18. Qxa4 {[%clk 1:13:35]} Nc6
{[%clk 1:28:57]} 19. Qb3 {[%clk 1:12:39]} Rxa1 {[%clk 1:28:53]} 20. Rxa1
{[%clk 1:12:46]} d5 {[%clk 1:28:27]} 21. Rb1 {[%clk 1:10:45]} Na5
{[%clk 1:28:28]} 22. Qb5 {[%clk 1:10:04]} Ra8 {[%clk 1:28:18]} 23. Qxd7
{[%clk 1:09:34]} Nxd7 {[%clk 1:28:30]} 24. exd5 {[%clk 1:08:00]} Rb8
{[%clk 1:26:56]} 25. Ne4 {[%clk 1:05:58]} b6 {[%clk 1:26:46]} 26. Nd6
{[%clk 1:04:13]} Nc5 {[%clk 1:26:33]} 27. Bxc5 {[%clk 1:04:08]} Rd8
{[%clk 1:26:33]} 28. Bb4 {[%clk 1:01:48]} f6 {[%clk 1:26:22]} 29. Nf5
{[%clk 1:00:52]} Rxd5 {[%clk 1:26:29]} 30. Ne7+ {[%clk 1:00:44]} Kf7
{[%clk 1:26:39]} 31. Nxd5 1-0

[Event "msr2025c12"]
[Site "?"]
[Date "2025.05.11"]
[Round "1.14"]
[White "Chmelik, Juraj"]
[Black "Kyrc, Filip"]
[Result "0-1"]
[BlackElo "1588"]
[WhiteElo "1070"]
[LiveChessVersion "1.4.8"]

1. e4 {[%clk 1:30:49]} e6 {[%clk 1:30:37]} 2. d4 {[%clk 1:30:15]} d5
{[%clk 1:31:05]} 3. exd5 {[%clk 1:29:05]} exd5 {[%clk 1:31:32]} 4. Nf3
{[%clk 1:27:19]} Bg4 {[%clk 1:30:30]} 5. Nc3 {[%clk 1:24:41]} Nc6
{[%clk 1:29:15]} 6. Bb5 {[%clk 1:23:23]} a6 {[%clk 1:28:52]} 7. Ba4
{[%clk 1:20:39]} b5 {[%clk 1:28:45]} 8. Bb3 {[%clk 1:17:31]} Na5 {[%clk 1:28:40]}
9. Bxd5 {[%clk 1:11:12]} c6 {[%clk 1:26:32]} 10. Qe2+ {[%clk 0:57:34]} Ne7
{[%clk 1:17:36]} 11. Bxf7+ {[%clk 0:51:44]} Kxf7 {[%clk 1:14:22]} 12. Ne5+
{[%clk 0:49:10]} Kg8 {[%clk 1:14:06]} 13. Qxg4 {[%clk 0:46:24]} Qd6
{[%clk 1:10:02]} 14. Bf4 {[%clk 0:43:05]} h5 {[%clk 1:06:58]} 15. Ne4
{[%clk 0:36:02]} hxg4 {[%clk 1:06:06]} 16. Nxd6 {[%clk 0:35:35]} Nd5
{[%clk 1:06:02]} 17. Ndf7 {[%clk 0:29:17]} Nxf4 {[%clk 1:03:34]} 18. Nxh8
{[%clk 0:28:17]} Kxh8 {[%clk 1:03:21]} 19. O-O-O {[%clk 0:26:23]} Kg8
{[%clk 1:00:54]} 20. g3 {[%clk 0:24:40]} Nh3 {[%clk 0:55:53]} 21. Nxg4
{[%clk 0:24:07]} c5 {[%clk 0:54:47]} 22. d5 {[%clk 0:23:42]} Nc4 {[%clk 0:54:45]}
23. b3 {[%clk 0:20:11]} Nb6 {[%clk 0:54:12]} 24. Rhe1 {[%clk 0:19:36]} Bd6
{[%clk 0:50:16]} 25. Re6 {[%clk 0:18:46]} Rd8 {[%clk 0:49:54]} 26. f4 c4
{[%clk 0:48:45]} 27. bxc4 {[%clk 0:17:28]} Nxc4 {[%clk 0:48:20]} 28. f5
{[%clk 0:16:36]} Ng5 {[%clk 0:47:58]} 29. Rg6 {[%clk 0:15:35]} Ne4
{[%clk 0:47:29]} 30. Re1 {[%clk 0:13:27]} Ba3+ {[%clk 0:47:20]} 31. Kb1
{[%clk 0:11:51]} Nc3+ {[%clk 0:47:39]} 32. Ka1 {[%clk 0:11:28]} Bb2# 0-1

[Event "msr2025c12"]
[Site "?"]
[Date "2025.05.11"]
[Round "1.15"]
[White "Ostrozlik, Filip"]
[Black "Rybansky, Noe"]
[Result "1-0"]
[BlackElo "1070"]
[WhiteElo "1573"]
[LiveChessVersion "1.4.8"]

1. e4 {[%clk 1:30:55]} e5 {[%clk 1:30:50]} 2. Nf3 {[%clk 1:31:21]} Nc6 3. Bc4 Nf6
{[%clk 1:30:37]} 4. d3 {[%clk 1:31:21]} Bc5 {[%clk 1:30:13]} 5. O-O
{[%clk 1:31:40]} O-O {[%clk 1:30:35]} 6. c3 {[%clk 1:31:58]} d6 {[%clk 1:29:26]}
7. Bg5 {[%clk 1:31:02]} Bg4 {[%clk 1:25:51]} 8. Nbd2 {[%clk 1:29:46]} a6
{[%clk 1:19:51]} 9. h3 {[%clk 1:29:56]} Bxf3 {[%clk 1:20:30]} 10. Qxf3
{[%clk 1:30:27]} h6 {[%clk 1:20:53]} 11. Bxf6 {[%clk 1:30:42]} Qxf6
{[%clk 1:20:36]} 12. Qxf6 {[%clk 1:31:04]} gxf6 {[%clk 1:18:15]} 13. Nf3
{[%clk 1:30:01]} Rae8 {[%clk 1:16:34]} 14. Rfe1 {[%clk 1:29:54]} b5
{[%clk 1:16:32]} 15. Bd5 {[%clk 1:30:08]} Ne7 16. Bb3 b4 17. d4 exd4
{[%clk 1:13:34]} 18. cxd4 {[%clk 1:27:21]} Bb6 {[%clk 1:13:31]} 19. e5
{[%clk 1:27:10]} dxe5 {[%clk 1:13:27]} 20. dxe5 {[%clk 1:26:31]} fxe5
{[%clk 1:13:22]} 21. Rxe5 {[%clk 1:26:36]} Ng6 22. Rxe8 Rxe8 {[%clk 1:12:54]} 23.
Rd1 {[%clk 1:25:51]} Ne5 24. Ba4 Re7 {[%clk 1:10:58]} 25. Nxe5 {[%clk 1:25:14]}
Rxe5 {[%clk 1:11:12]} 26. Kf1 {[%clk 1:24:00]} Re4 {[%clk 1:11:10]} 27. Rd8+
{[%clk 1:24:00]} Kg7 {[%clk 1:11:19]} 28. Rd7 {[%clk 1:23:48]} Rd4
{[%clk 1:11:01]} 29. Rxd4 {[%clk 1:20:24]} Bxd4 {[%clk 1:10:48]} 30. b3
{[%clk 1:20:48]} c5 {[%clk 1:10:00]} 31. f3 {[%clk 1:20:46]} f5 32. Bd7 f4
{[%clk 1:09:16]} 33. Ke2 {[%clk 1:20:48]} Kf7 {[%clk 1:08:02]} 34. Kd3
{[%clk 1:21:11]} Ke7 {[%clk 1:08:14]} 35. Bc8 {[%clk 1:21:38]} a5
{[%clk 1:07:32]} 36. Ke4 {[%clk 1:21:57]} Kd6 {[%clk 1:07:50]} 37. Kxf4
{[%clk 1:21:55]} Kd5 {[%clk 1:07:01]} 38. Ba6 {[%clk 1:22:09]} Kc6
{[%clk 1:07:07]} 39. Kf5 {[%clk 1:21:49]} Kb6 {[%clk 1:06:49]} 40. Bc4
{[%clk 1:21:43]} a4 {[%clk 1:06:11]} 41. Kg6 {[%clk 1:21:59]} axb3
{[%clk 1:06:10]} 42. axb3 {[%clk 1:22:16]} Be3 {[%clk 1:05:46]} 43. h4
{[%clk 1:22:16]} Kc6 {[%clk 1:06:07]} 44. g4 Kd6 {[%clk 1:05:57]} 45. g5
{[%clk 1:22:39]} hxg5 {[%clk 1:05:52]} 46. hxg5 {[%clk 1:23:03]} Ke5
{[%clk 1:05:22]} 47. Kh5 {[%clk 1:22:57]} Bd4 {[%clk 1:04:25]} 48. g6
{[%clk 1:23:17]} Kf4 {[%clk 1:04:29]} 49. Kh6 {[%clk 1:23:19]} Kxf3
{[%clk 1:04:55]} 50. g7 {[%clk 1:23:25]} Bxg7+ {[%clk 1:05:09]} 51. Kxg7
{[%clk 1:23:53]} Ke3 {[%clk 1:05:26]} 52. Kf6 {[%clk 1:24:07]} Kd4
{[%clk 1:05:10]} 53. Ke6 {[%clk 1:24:22]} Ke4 {[%clk 1:03:36]} 54. Kd6
{[%clk 1:22:45]} Kd4 {[%clk 1:03:45]} 55. Kc6 {[%clk 1:23:09]} Ke5
{[%clk 1:03:23]} 56. Kxc5 {[%clk 1:22:58]} Kf6 {[%clk 1:03:07]} 57. Kxb4
{[%clk 1:23:11]} Ke7 58. Kb5 Kd8 {[%clk 1:02:17]} 59. Kb6 {[%clk 1:23:35]} Kc8
{[%clk 1:02:08]} 60. b4 {[%clk 1:23:48]} Kb8 {[%clk 1:02:36]} 61. b5
{[%clk 1:23:39]} Ka8 {[%clk 1:01:18]} 62. Kc7 {[%clk 1:23:25]} Ka7 63. b6+ Ka8
64. b7+ Ka7 65. b8=Q# Ka8 1-0

[Event "msr2025c12"]
[Site "?"]
[Date "2025.05.11"]
[Round "1.16"]
[White "Smolar, Michal"]
[Black "Ondriska, Lukas"]
[Result "0-1"]
[BlackElo "1568"]
[WhiteElo "1028"]
[LiveChessVersion "1.4.8"]

1. e4 {[%clk 1:30:57]} c6 {[%clk 1:30:46]} 2. Nf3 {[%clk 1:30:49]} d5
{[%clk 1:31:03]} 3. exd5 {[%clk 1:29:47]} cxd5 {[%clk 1:31:17]} 4. Nc3
{[%clk 1:28:38]} Nf6 {[%clk 1:31:08]} 5. Bb5+ {[%clk 1:27:31]} Nc6
{[%clk 1:30:53]} 6. O-O {[%clk 1:26:33]} Bd7 {[%clk 1:30:36]} 7. Bxc6
{[%clk 1:25:14]} Bxc6 {[%clk 1:30:56]} 8. d4 {[%clk 1:22:55]} e6 {[%clk 1:30:36]}
9. Ne5 {[%clk 1:22:03]} Bd6 {[%clk 1:29:45]} 10. Bg5 {[%clk 1:17:19]} O-O
{[%clk 1:26:51]} 11. Qf3 {[%clk 1:13:54]} h6 {[%clk 1:23:04]} 12. Bxf6
{[%clk 1:10:55]} Qxf6 {[%clk 1:21:51]} 13. Qxf6 {[%clk 1:09:58]} gxf6
{[%clk 1:22:05]} 14. Ng4 {[%clk 1:07:59]} f5 {[%clk 1:21:27]} 15. Ne3
{[%clk 1:03:46]} h5 {[%clk 1:19:44]} 16. f4 {[%clk 0:57:37]} Kh7 {[%clk 1:15:50]}
17. Rf3 {[%clk 0:55:48]} Rg8 {[%clk 1:13:04]} 18. Rh3 {[%clk 0:52:04]} Bxf4
{[%clk 1:07:42]} 19. Rxh5+ {[%clk 0:49:48]} Kg6 {[%clk 1:05:42]} 20. Rh3
{[%clk 0:48:23]} Rh8 {[%clk 1:05:14]} 21. Rxh8 {[%clk 0:46:36]} Bxe3+
{[%clk 1:05:16]} 22. Kf1 {[%clk 0:46:29]} Rxh8 {[%clk 1:05:22]} 23. Re1
{[%clk 0:44:01]} Bxd4 {[%clk 1:05:13]} 24. h3 {[%clk 0:41:54]} Rh4
{[%clk 1:03:49]} 25. Ne2 {[%clk 0:38:55]} Bb5 {[%clk 1:01:33]} 0-1

[Event "msr2025c12"]
[Site "?"]
[Date "2025.05.11"]
[Round "1.17"]
[White "Ksenzigh, Adam"]
[Black "Ghaedi, Daniell"]
[Result "1-0"]
[BlackElo "1003"]
[WhiteElo "1557"]
[LiveChessVersion "1.4.8"]

1. e4 {[%clk 1:30:55]} e5 {[%clk 1:30:52]} 2. Nf3 {[%clk 1:31:21]} d6
{[%clk 1:31:10]} 3. Bc4 {[%clk 1:31:21]} h6 {[%clk 1:30:34]} 4. Nc3
{[%clk 1:31:41]} Nf6 {[%clk 1:30:27]} 5. d3 {[%clk 1:31:28]} Be7 {[%clk 1:30:36]}
6. h3 {[%clk 1:30:46]} O-O {[%clk 1:30:41]} 7. O-O {[%clk 1:30:41]} Nc6
{[%clk 1:30:31]} 8. Be3 {[%clk 1:29:39]} Be6 {[%clk 1:30:16]} 9. Bb5
{[%clk 1:29:50]} Rb8 {[%clk 1:29:49]} 10. b3 {[%clk 1:29:18]} a6 {[%clk 1:29:33]}
11. Bxc6 {[%clk 1:29:22]} bxc6 {[%clk 1:29:00]} 12. d4 {[%clk 1:21:07]} exd4
{[%clk 1:28:05]} 13. Nxd4 {[%clk 1:21:32]} Bd7 {[%clk 1:27:56]} 14. Qe2
{[%clk 1:20:18]} c5 {[%clk 1:27:54]} 15. Nf3 {[%clk 1:19:44]} Qc8
{[%clk 1:27:48]} 16. e5 {[%clk 1:17:33]} dxe5 {[%clk 1:27:30]} 17. Nxe5
{[%clk 1:17:51]} Bb5 {[%clk 1:27:25]} 18. Nxb5 {[%clk 1:18:04]} Rxb5
{[%clk 1:27:02]} 19. c4 {[%clk 1:17:39]} Rb6 {[%clk 1:26:24]} 20. Nd3
{[%clk 1:16:43]} c6 {[%clk 1:25:35]} 21. Nxc5 {[%clk 1:16:36]} Re8
{[%clk 1:25:18]} 22. Na4 {[%clk 1:16:05]} Rb7 {[%clk 1:25:15]} 23. c5
{[%clk 1:15:16]} Rb5 {[%clk 1:24:49]} 24. Nb6 {[%clk 1:14:00]} Qc7
{[%clk 1:24:27]} 25. Qc2 {[%clk 1:13:31]} Rb4 {[%clk 1:23:00]} 26. Nc4
{[%clk 1:12:43]} Rb5 {[%clk 1:22:25]} 27. a4 {[%clk 1:12:50]} Rb7
{[%clk 1:20:37]} 28. Rfd1 Rbb8 {[%clk 1:19:25]} 29. Rd2 {[%clk 1:08:10]} Red8
{[%clk 1:19:12]} 30. Rad1 {[%clk 1:08:20]} Qa7 {[%clk 1:18:27]} 31. Nb6
{[%clk 1:08:00]} Rxd2 {[%clk 1:18:04]} 32. Rxd2 {[%clk 1:06:59]} Rd8
{[%clk 1:16:58]} 33. Rxd8+ {[%clk 1:07:11]} Bxd8 {[%clk 1:17:09]} 34. Nc8
{[%clk 1:06:06]} Qc7 {[%clk 1:17:01]} 35. Nd6 {[%clk 1:06:08]} Qa5
{[%clk 1:16:42]} 36. Bd2 {[%clk 1:04:59]} Qc7 {[%clk 1:16:33]} 37. Qc4
{[%clk 1:04:45]} Nd5 {[%clk 1:16:33]} 38. Qxa6 {[%clk 1:04:27]} Qb8
{[%clk 1:14:13]} 39. Qxc6 {[%clk 1:04:20]} Qxb3 {[%clk 1:14:18]} 40. Qe8+
{[%clk 1:04:39]} Kh7 {[%clk 1:14:11]} 41. Qe4+ {[%clk 1:03:33]} g6
{[%clk 1:14:09]} 42. Qd4 {[%clk 1:00:03]} Bc7 {[%clk 1:13:30]} 43. g3
{[%clk 0:58:18]} Qd1+ {[%clk 1:13:16]} 44. Kg2 {[%clk 0:58:27]} f6
{[%clk 1:12:12]} 45. Qxd5 {[%clk 0:56:44]} Qxa4 {[%clk 1:11:47]} 46. Qf7+
{[%clk 0:56:56]} Kh8 {[%clk 1:11:41]} 47. Qxc7 {[%clk 0:57:02]} Qa8+
{[%clk 1:11:47]} 48. c6 {[%clk 0:57:25]} Qg8 {[%clk 1:10:34]} 49. Nf7+
{[%clk 0:57:40]} Kg7 {[%clk 1:10:57]} 50. Ne5+ {[%clk 0:57:49]} Kh8
{[%clk 1:10:52]} 51. Nf7+ {[%clk 0:58:14]} Kg7 {[%clk 1:10:51]} 52. Nxh6+
{[%clk 0:58:39]} 1-0

[Event "msr2025c12"]
[Site "?"]
[Date "2025.05.11"]
[Round "1.18"]
[White "Drunek, Tibor"]
[Black "Stachovic, Matus"]
[Result "0-1"]
[BlackElo "1550"]
[WhiteElo "1000"]
[LiveChessVersion "1.4.8"]

1. e4 {[%clk 1:30:57]} c5 {[%clk 1:30:53]} 2. Nc3 {[%clk 1:31:13]} Nc6
{[%clk 1:31:04]} 3. Nf3 {[%clk 1:31:30]} d6 {[%clk 1:28:49]} 4. Bb5
{[%clk 1:31:35]} Bd7 {[%clk 1:28:42]} 5. h3 {[%clk 1:31:43]} g6 {[%clk 1:28:33]}
6. b3 {[%clk 1:31:39]} Bg7 {[%clk 1:28:14]} 7. Bb2 {[%clk 1:32:02]} Nf6
{[%clk 1:28:29]} 8. Bc4 {[%clk 1:31:10]} O-O {[%clk 1:28:04]} 9. Qe2
{[%clk 1:31:01]} a6 {[%clk 1:20:48]} 10. O-O-O {[%clk 1:30:23]} b5
{[%clk 1:18:09]} 11. Bd5 {[%clk 1:29:32]} Rb8 {[%clk 1:15:51]} 12. Qd3
{[%clk 1:27:18]} Nb4 {[%clk 1:13:21]} 13. Qe2 {[%clk 1:27:16]} e6
{[%clk 1:11:41]} 14. e5 {[%clk 1:26:51]} dxe5 {[%clk 1:08:34]} 15. Be4
{[%clk 1:26:59]} Nfd5 {[%clk 1:01:27]} 16. Bxd5 {[%clk 1:26:41]} Nxd5
{[%clk 1:01:10]} 17. Nxe5 {[%clk 1:26:31]} Qc7 {[%clk 0:58:37]} 18. Nxd5
{[%clk 1:26:31]} exd5 {[%clk 0:57:56]} 19. Rde1 {[%clk 1:25:43]} Rfe8
{[%clk 0:57:03]} 20. Qd3 {[%clk 1:25:00]} Bxe5 {[%clk 0:56:52]} 21. Rxe5
{[%clk 1:25:07]} Rxe5 {[%clk 0:57:01]} 22. Qg3 {[%clk 1:25:28]} Rbe8
{[%clk 0:55:51]} 23. Bxe5 {[%clk 1:25:29]} Qxe5 {[%clk 0:56:01]} 24. Qxe5
{[%clk 1:24:54]} Rxe5 {[%clk 0:56:08]} 25. Kb2 {[%clk 1:25:03]} Re2
{[%clk 0:56:22]} 26. Rd1 {[%clk 1:25:03]} Rxf2 {[%clk 0:56:25]} 27. g4
{[%clk 1:25:12]} Rh2 {[%clk 0:56:40]} 28. d3 {[%clk 1:25:27]} Rxh3
{[%clk 0:56:57]} 29. c4 {[%clk 1:25:43]} bxc4 {[%clk 0:56:48]} 30. dxc4
{[%clk 1:26:04]} d4 {[%clk 0:56:42]} 31. b4 {[%clk 1:26:19]} Rc3 {[%clk 0:55:16]}
32. a3 {[%clk 1:25:44]} Rxc4 {[%clk 0:55:07]} 33. Kb3 {[%clk 1:25:28]} Rc3+
{[%clk 0:57:42]} 34. Kb2 {[%clk 1:26:08]} cxb4 {[%clk 0:57:17]} 35. Rxd4
{[%clk 1:26:10]} Be6 {[%clk 0:56:25]} 36. Rxb4 {[%clk 1:26:19]} Rg3
{[%clk 0:56:34]} 37. a4 {[%clk 1:25:34]} Rxg4 {[%clk 0:56:08]} 38. Rb8+
{[%clk 1:24:59]} Kg7 {[%clk 0:56:09]} 0-1

[Event "msr2025c12"]
[Site "?"]
[Date "2025.05.11"]
[Round "1.19"]
[White "Abdou, Fransis Thomas"]
[Black "Gres, Denis"]
[Result "1-0"]
[BlackElo "1000"]
[WhiteElo "1549"]
[LiveChessVersion "1.4.8"]

1. c4 {[%clk 1:30:58]} e5 {[%clk 1:30:39]} 2. Nc3 {[%clk 1:31:13]} Nc6
{[%clk 1:30:48]} 3. Nf3 {[%clk 1:31:21]} Nf6 {[%clk 1:31:05]} 4. e3
{[%clk 1:31:06]} Bb4 {[%clk 1:31:19]} 5. Qc2 {[%clk 1:30:41]} d6 {[%clk 1:31:09]}
6. Nd5 {[%clk 1:27:44]} O-O {[%clk 1:30:24]} 7. Ng5 {[%clk 1:26:53]} g6
{[%clk 1:29:11]} 8. a3 {[%clk 1:24:54]} Bf5 {[%clk 1:15:09]} 9. Qd1
{[%clk 1:21:37]} Ne4 {[%clk 1:06:30]} 10. Nxe4 {[%clk 1:18:48]} Bxe4
{[%clk 1:06:05]} 11. axb4 {[%clk 1:17:43]} Bxd5 {[%clk 1:01:38]} 12. cxd5
{[%clk 1:16:30]} Nxb4 {[%clk 0:58:37]} 13. Qb3 {[%clk 1:15:42]} Na6
{[%clk 0:48:48]} 14. Bxa6 {[%clk 1:13:31]} bxa6 {[%clk 0:48:59]} 15. Rxa6
{[%clk 1:12:32]} Rb8 {[%clk 0:46:05]} 16. Qc3 {[%clk 1:12:06]} Qg5
{[%clk 0:45:02]} 17. O-O {[%clk 1:11:14]} e4 {[%clk 0:41:08]} 18. Rxa7
{[%clk 1:06:12]} h5 {[%clk 0:40:47]} 19. b3 {[%clk 1:05:45]} h4 {[%clk 0:40:59]}
20. Bb2 {[%clk 1:05:21]} f6 {[%clk 0:41:01]} 21. Qxc7 {[%clk 1:05:08]} Qh6
{[%clk 0:40:26]} 22. Qxd6 {[%clk 1:04:06]} Rxb3 {[%clk 0:40:18]} 23. Qe6+
{[%clk 1:03:59]} Kh8 {[%clk 0:40:41]} 24. Bxf6+ {[%clk 1:03:52]} Qg7
{[%clk 0:40:33]} 25. Bxg7+ {[%clk 1:03:56]} Kh7 {[%clk 0:40:04]} 26. Bxf8+
{[%clk 1:04:05]} Rb7 {[%clk 0:39:53]} 27. Rxb7+ {[%clk 1:04:13]} Kh8
{[%clk 0:40:08]} 28. Qf6+ {[%clk 1:04:23]} Kg8 {[%clk 0:40:00]} 29. Qg7# 1-0

[Event "msr2025c12"]
[Site "?"]
[Date "2025.05.11"]
[Round "1.20"]
[White "Holic, Samuel"]
[Black "Macejko, Alexander"]
[Result "0-1"]
[BlackElo "1544"]
[WhiteElo "1000"]
[LiveChessVersion "1.4.8"]

1. e4 {[%clk 1:30:56]} e5 {[%clk 1:30:55]} 2. Nf3 {[%clk 1:31:02]} Nc6
{[%clk 1:31:21]} 3. Nc3 {[%clk 1:30:55]} Nf6 {[%clk 1:31:41]} 4. Bc4
{[%clk 1:30:59]} Bc5 {[%clk 1:32:03]} 5. d3 {[%clk 1:30:48]} h6 {[%clk 1:32:17]}
6. a3 {[%clk 1:29:56]} O-O {[%clk 1:32:20]} 7. Be3 {[%clk 1:29:48]} Bxe3
{[%clk 1:32:25]} 8. fxe3 {[%clk 1:29:46]} d6 {[%clk 1:32:28]} 9. d4
{[%clk 1:29:39]} Bg4 {[%clk 1:30:58]} 10. h3 {[%clk 1:29:06]} Bxf3
{[%clk 1:29:58]} 11. gxf3 {[%clk 1:28:50]} Qe7 {[%clk 1:28:08]} 12. Qd2
{[%clk 1:28:39]} a6 {[%clk 1:27:18]} 13. O-O-O {[%clk 1:28:53]} b5
{[%clk 1:27:20]} 14. Bd3 {[%clk 1:27:11]} exd4 {[%clk 1:25:59]} 15. exd4
{[%clk 1:26:59]} Nxd4 {[%clk 1:25:31]} 16. Qg2 {[%clk 1:26:14]} Qe5
{[%clk 1:20:02]} 17. Rhg1 {[%clk 1:20:09]} Qf4+ {[%clk 1:18:55]} 18. Rd2
{[%clk 1:19:46]} g6 {[%clk 1:17:59]} 19. e5 {[%clk 1:14:02]} Nxf3
{[%clk 1:11:42]} 20. exf6 {[%clk 1:12:34]} Nxg1 {[%clk 1:10:32]} 21. Qxg1
{[%clk 1:12:05]} Qxf6 {[%clk 1:09:44]} 22. Ne4 {[%clk 1:12:06]} Qf4
{[%clk 1:09:05]} 23. Kb1 {[%clk 1:10:57]} Rfe8 {[%clk 1:06:55]} 24. Re2
{[%clk 1:09:14]} d5 {[%clk 1:04:44]} 25. Nc5 {[%clk 1:09:01]} Rxe2
{[%clk 1:04:13]} 26. Bxe2 {[%clk 1:09:05]} Kh7 {[%clk 1:01:28]} 27. Bd3
{[%clk 1:08:30]} Qg5 {[%clk 0:59:21]} 28. Qxg5 {[%clk 1:07:20]} hxg5
{[%clk 0:59:45]} 29. Nd7 {[%clk 1:07:37]} Kh6 {[%clk 0:58:07]} 30. Be2
{[%clk 1:05:50]} f5 {[%clk 0:56:50]} 31. b3 {[%clk 1:05:28]} Kg7 {[%clk 0:55:30]}
32. c4 {[%clk 1:05:26]} dxc4 {[%clk 0:54:44]} 33. bxc4 {[%clk 1:05:28]} c6
{[%clk 0:54:11]} 34. Kb2 {[%clk 1:05:03]} Re8 {[%clk 0:53:50]} 35. Bd3
{[%clk 1:04:56]} Re3 {[%clk 0:53:19]} 36. Kc3 {[%clk 1:04:56]} f4
{[%clk 0:52:38]} 37. cxb5 {[%clk 1:04:48]} cxb5 {[%clk 0:52:20]} 38. Nb8
{[%clk 1:04:45]} f3 {[%clk 0:52:00]} 39. Kd2 {[%clk 1:04:51]} Re6
{[%clk 0:51:25]} 40. Nd7 {[%clk 1:04:13]} Kh6 {[%clk 0:50:24]} 41. Nf8
{[%clk 1:03:28]} Rf6 {[%clk 0:49:51]} 42. Nd7 {[%clk 1:03:30]} Rf4
{[%clk 0:49:52]} 43. Ne5 {[%clk 1:02:59]} Kh5 {[%clk 0:49:03]} 44. Bxg6+
{[%clk 1:02:40]} Kh4 {[%clk 0:48:27]} 45. Ng4 {[%clk 1:02:31]} Kxh3
{[%clk 0:47:27]} 46. Nf2+ {[%clk 1:02:35]} Kg2 {[%clk 0:47:04]} 47. Nd3
{[%clk 0:59:13]} f2 {[%clk 0:46:55]} 48. Nxf2 {[%clk 0:59:13]} Kxf2
{[%clk 0:46:55]} 0-1